03317nam a2200433Ia 4500952011000000952011000110952009300220952009300313952009300406952010500499952011100604952011300715952009700828952010300925952011501028952010301143999001701246005001701263008004101280020001501321050002201336082002201358100002801380240009501408245010501503250001701608260004501625300002301670505054701693519007002240519005602310519004302366520033002409650002902739650002802768700003002796700004502826942001202871 00104070a04b04d2007-07-10l1oQA300 A7918 2002p04 000897r2017-03-09s2017-03-08t1w2012-06-24yLB 00104070a04b04d2007-07-10l2oQA300 A7918 2002p04 000898r2017-03-13s2017-03-10t2w2012-06-24yLB 00104070a09b09d2007-01-23l0oQA300 A7918p09 000494r2012-06-26t1w2012-06-26yLB 00104070a09b09d2007-01-23l0oQA300 A7918p09 000589r2012-06-26t2w2012-06-26yLB 00104070a09b09d2007-01-23l0oQA300 A7918p09 000611r2012-06-26t3w2012-06-26yLB 00104070a09b09d2007-01-23l1oQA300 A7918p09 000656r2019-09-24s2019-09-24t4w2012-06-26yLB 00104070a22b22d2009-08-29l19oQA300 A7518 2002p06 000023r2018-07-25s2018-07-25t1w2012-06-26yLB 00104070a07b07d2011-12-26l2m2oQA300 A7918 2002p07 002771r2018-10-29s2015-12-07t1w2012-06-26yLB 00104070a15b15d2007-05-21l0o510.24658 A658Mp15 002209r2017-12-07t1w2012-06-28yLB 00102lcc4070a12b12d2015-10-14l0oQA300 A7918 2002p12 002421r2015-10-14t1w2015-10-14yLB 00102lcc4070a03b03d2018-12-10l2oQA300 A7918 2002p03 003995r2019-03-06s2019-03-06t1w2018-12-10yLB 00102lcc4070a01b01d2022-12-01l0oQA300 A7918 2002p16 003752r2023-07-13t1w2022-12-01yLB c53346d5334620231102150500.0120603s2002 mx f 000 0 spa d a9684444370 aQA300bA7918 2002 a510.24658 bA658m 0aArya, Jagdish C.eautor aMathematical analysis for business, economics and the life and social scienceslEspañol 10aMatematicas aplicadas a la administración y a la economía c / Jagdish C. Arya, Robin W. Lardner a4a edición aMéxicob : Pearson Educaciónc, 2002 axiv, 842 páginas0 aÁlgebra Repaso de álgebra Ecuaciones de una variable Desigualdades Líneas rectas Funciones y gráficas Logaritmos y exponenciales Matemáticas finitas Progresiones y matemáticas financieras Álgebra de matrices Inversas y determinantes Progresiones y matemáticas financieras Álgebra de matrices Inversas y determinantes Programación lineal Cálculo La derivada Cálculo de derivadas Optimización y bosquejo de curvas Más sobre derivadas Integración La integral definida Funciones de varias variables  aMaterial Complementario /bIngeniería Industrial /d(06 000023) aMaterial Complementario / d(04 000897, 04 000898)  aMaterial Complementario /d(03 003995) aResumen del libro: La orientación principal del libro es hacia aplicaciones en la administración y la economía, aunque en esta edición se incluyen una significativa cantidad de ejercicios y aplicaciones concernientes a diversas áreas de las ciencias sociales y biológicas, lo cual amplía la utilidad del texto.14aANÁLISIS MATEMÁTICO 14aECONOMÍA MATEMÁTICA aLardner, Robin W.eautor  aIbarra Mercado, Víctor Hugoetraductor 2lcccLB